书目信息 |
| 题名: |
清洁生产与循环经济
|
|
| 作者: | 奚旦立 主编 | |
| 分册: | ||
| 出版信息: | 北京 化学工业出版社 2005 |
|
| 页数: | 345页 | |
| 开本: | 26cm | |
| 丛书名: | ||
| 单 册: | ||
| 中图分类: | X38 , F062.1 | |
| 科图分类: | ||
| 主题词: | 无污染技术--高等学校--教材 , 自然资源--资源经济学--高等学校--教材 , 无污染技术 , 自然资源 , 资源经济学 | |
| 电子资源: | ||
| ISBN: | 7-5025-6442-X | |
| 000 | 00946nam0 2200313 450 | |
| 001 | 002854311 | |
| 005 | 20070720112132.65 | |
| 010 | @a7-5025-6442-X@dCNY45.00 | |
| 035 | @a002854311 | |
| 100 | @a20050331d2005 em y0chiy0110 ea | |
| 101 | 0 | @achi |
| 102 | @aCN@b110000 | |
| 105 | @aa zn 000yy | |
| 106 | @ar | |
| 200 | 1 | @a清洁生产与循环经济@Aqing jie sheng chan yu xun huan jing ji@f奚旦立主编@Fxi dan li zhu bian |
| 210 | @a北京@c化学工业出版社@d2005 | |
| 215 | @a345页@c图@d26cm | |
| 300 | @a高等学校教材 | |
| 330 | @a本书全面介绍了国内外清洁生产审核、循环经济、生态园区建设的理论、实践、方法,并收集了大量实例、资料。 | |
| 606 | 0 | @a无污染技术@x高等学校@j教材 |
| 606 | 0 | @a自然资源@x资源经济学@x高等学校@j教材 |
| 606 | 0 | @a无污染技术 |
| 606 | 0 | @a自然资源 |
| 606 | 0 | @a资源经济学 |
| 690 | @aX38@v4 | |
| 690 | @aF062.1@v4 | |
| 701 | 0 | @a奚旦立@Axi dan li@4主编 |
| 801 | 0 | @aCN@bNLC@c20070720 |
| 905 | @dX38@e91@f5 | |
| 清洁生产与循环经济/奚旦立主编.-北京:化学工业出版社,2005 |
| 345页:图;26cm |
| 高等学校教材 |
| ISBN 7-5025-6442-X:CNY45.00 |
| 本书全面介绍了国内外清洁生产审核、循环经济、生态园区建设的理论、实践、方法,并收集了大量实例、资料。 |
| ● |
| 相关链接 |
|
|
|
|
正题名:清洁生产与循环经济
索取号:X38/91
 
预约/预借
| 序号 | 登录号 | 条形码 | 馆藏地/架位号 | 状态 | 备注 |
| 1 | 0850117 | 208501174 | 第二样本阅览室/ [索取号:X38/91] | 在馆 | |
| 2 | 0850118 | 208501183 | 第三借阅区/ [索取号:X38/91] | 在馆 | |
| 3 | 0850119 | 208501192 | 第三借阅区/ [索取号:X38/91] | 在馆 | |
| 4 | 0850120 | 208501219 | 第三借阅区/ [索取号:X38/91] | 在馆 | |
| 5 | 0850121 | 208501218 | 第三借阅区/ [索取号:X38/91] | 在馆 |